000 00360nam a2200169Ia 4500
100 _aKumar/H.D.
650 _aGeneral
250 _a2
942 _cBK
654 _aBiotechnology
245 _aText book of Biotechnology
260 _bEast West Press
_aNew Delhi
_c1998
082 _a664.024
_bKUM
300 _a639
546 _aENGLISH
999 _c19878
_d19878